Proyecto: Actividades para mejorar la efectividad de los profesores y la gobernabiliad local (TEF/USAID) (AWARD NUMBER 517-A-000600102-00). Informe de evaluación externa. Reporte TEF 2008 (Record no. 9228)

MARC details
000 -LEADER
campo de control de longitud fija 00481nam a2200133Ia 4500
001 - NÚMERO DE CONTROL
campo de control 2292
008 - DATOS DE LONGITUD FIJA--INFORMACIÓN GENERAL
campo de control de longitud fija 241024s9999 xx 000 0 und d
082 ## - NÚMERO DE LA CLASIFICACIÓN DECIMAL DEWEY
Número de clasificación RD/370.71/L961p
100 ## - ENTRADA PRINCIPAL--NOMBRE DE PERSONA
Nombre de persona Eduardo A. Luna
245 #0 - MENCIÓN DEL TÍTULO
Título Proyecto: Actividades para mejorar la efectividad de los profesores y la gobernabiliad local (TEF/USAID) (AWARD NUMBER 517-A-000600102-00). Informe de evaluación externa. Reporte TEF 2008
260 ## - PUBLICACIÓN, DISTRIBUCIÓN, ETC.
Nombre del editor, distribuidor, etc. USAID
Fecha de publicación, distribución, etc. 2008
901 ## - ELEMENTOS DE DATOS A LOCAL LDA (RLIN)
a 29/6/2012 10:25:56 a.m.

No items available.

© 2024. Todos los Derechos Reservados. Desarrollado por IDEICE